[Event "VIE-ch U11"]
[Site "Ho Chi Minh City"]
[Date "2014.07.15"]
[Round "4"]
[White "Nguyen, Phu Binh"]
[Black "Hoang, Duc Minh"]
[Result "0-1"]
[WhiteElo "1990"]
[BlackElo "1951"]
[PlyCount "64"]
[EventDate "2014.07.13"]
[EventType "swiss"]
[EventRounds "9"]
[EventCountry "VIE"]
[SourceTitle "EXT 2016"]
[Source "ChessBase"]
[SourceDate "2015.10.08"]
[SourceVersion "1"]
[SourceVersionDate "2015.10.08"]
[SourceQuality "1"]

1. e4 e5 2. Nf3 Nc6 3. Bc4 Bc5 4. Nc3 d6 5. h3 Nf6 6. d3 h6 7. Be3 Nd4 8. 0-0 0-0 9. Bxd4 Bxd4 10. Nxd4 exd4 11. Ne2 c5 12. f4 Be6 13. Bb3 d5 14. e5 Nh7 15. f5 Bc8 16. Ng3 Re8 17. Qe2 b5 18. c3 c4 19. Bc2 Qb6 20. Kh1 Bb7 21. Rad1 dxc3 22. bxc3 d4 23. dxc4 bxc4 24. Be4 Rxe5 25. Rb1 d3 26. Qe1 Bxe4 27. Qxe4 Rxe4 28. Rxb6 Re3 29. Rc6 Rxg3 30. Rxc4 Rd8 31. Rd4 Rxd4 32. cxd4 d2 0-1

[Event "VIE-ch U11"]
[Site "Ho Chi Minh City"]
[Date "2014.07.14"]
[Round "3"]
[White "Quan, Phu Long"]
[Black "Nguyen, Phu Binh"]
[Result "0-1"]
[WhiteElo "1953"]
[BlackElo "1990"]
[PlyCount "94"]
[EventDate "2014.07.13"]
[EventType "swiss"]
[EventRounds "9"]
[EventCountry "VIE"]
[SourceTitle "EXT 2016"]
[Source "ChessBase"]
[SourceDate "2015.10.08"]
[SourceVersion "1"]
[SourceVersionDate "2015.10.08"]
[SourceQuality "1"]

1. e4 c6 2. Bc4 d5 3. exd5 cxd5 4. Bb3 Nc6 5. Nf3 Nf6 6. d4 Bg4 7. Bf4 Bxf3 8. Qxf3 Nxd4 9. Qd3 Nxb3 10. Qxb3 b6 11. 0-0 e6 12. Rd1 Bd6 13. Bxd6 Qxd6 14. Nc3 0-0 15. Nb5 Qd7 16. Qb4 Rac8 17. c3 Ne4 18. Qxe4 Qxb5 19. Qb4 Qxb4 20. cxb4 Rc2 21. Rab1 Rfc8 22. Kf1 Kf8 23. Ke1 Ke7 24. Rd2 Rc1+ 25. Rxc1 Rxc1+ 26. Rd1 Rxd1+ 27. Kxd1 Kd6 28. Ke2 Ke5 29. Kd3 g5 30. Ke3 f5 31. a4 d4+ 32. Kd3 Kd5 33. a5 b5 34. f3 e5 35. b3 a6 36. g3 h6 37. h3 h5 38. Kd2 e4 39. fxe4+ Kxe4 40. Ke2 f4 41. gxf4 gxf4 42. h4 f3+ 43. Kf2 d3 44. Ke1 Kd4 45. Kf2 d2 46. Kxf3 d1Q+ 47. Kf4 Qg4# 0-1

[Event "VIE-ch U11"]
[Site "Ho Chi Minh City"]
[Date "2014.07.13"]
[Round "2"]
[White "Nguyen, Phu Binh"]
[Black "Tran, Gia Tien"]
[Result "0-1"]
[WhiteElo "1990"]
[BlackElo "1918"]
[PlyCount "106"]
[EventDate "2014.07.13"]
[EventType "swiss"]
[EventRounds "9"]
[EventCountry "VIE"]
[SourceTitle "EXT 2016"]
[Source "ChessBase"]
[SourceDate "2015.10.08"]
[SourceVersion "1"]
[SourceVersionDate "2015.10.08"]
[SourceQuality "1"]

1. e4 e5 2. Nf3 Nc6 3. Bc4 Nf6 4. Nc3 Bc5 5. d3 h6 6. Be3 Bb6 7. 0-0 d6 8. h3 0-0 9. Qd2 Re8 10. Rad1 Be6 11. Bxe6 Rxe6 12. Nd5 Bxe3 13. fxe3 Rc8 14. Qf2 Ne7 15. Nxe7+ Qxe7 16. Nh4 Nh7 17. Nf5 Qd7 18. Qh4 Rf8 19. Rf3 Ng5 20. Rg3 Rg6 21. Qh5 Qe6 22. Rf1 Re8 23. b3 c6 24. Nh4 Nxh3+ 25. Kh2 Rxg3 26. Kxg3 Ng5 27. Kh2 Rf8 28. Nf5 Re8 29. Kg1 Qg6 30. Qxg6 fxg6 31. Nxd6 Rb8 32. Kh2 b5 33. Kg3 Rf8 34. Rxf8+ Kxf8 35. c3 Ke7 36. Nc8+ Kd7 37. Nxa7 Kc7 38. Kf2 Kb7 39. Nxb5 cxb5 40. g4 Kb6 41. b4 Kc6 42. Ke1 Nf3+ 43. Ke2 Nh2 44. g5 hxg5 45. d4 Ng4 46. Kf3 exd4 47. exd4 Nf6 48. d5+ Kd6 49. Ke3 g4 50. Kd4 Nxe4 51. Kxe4 g3 52. c4 g2 53. cxb5 g1Q 0-1